Gay gigante: una historia sobre el miedo

Gardado en:
Detalles Bibliográficos
Autor Principal: Ebensperger Satt, Gabriel (Author)
Formato: Libro
Idioma:Lingua castelá
Publicado: Santiago Catalonia 2015
Edición:2a. ed
Subjects:
Tags: Engadir etiqueta
Sen Etiquetas, Sexa o primeiro en etiquetar este rexistro!

MARC

LEADER 00000cam a2200000 a 4500
001 UCD7951
003 CL-VaPUC
008 170422e20150000cl |||||||||||||||||spa|d
020 |a 9789563243949 
082 0 4 |a 741.5983  |b EBE  |2 21 
100 0 |a Ebensperger Satt, Gabriel  |e author  |9 591837 
245 1 0 |a Gay gigante: una historia sobre el miedo 
250 |a 2a. ed 
300 |a 286 p 
942 |c BK 
945 |d 20170422 00:05:00  |a dcastane 
260 |a Santiago  |b Catalonia  |c 2015 
650 0 |a Cómics  |9 369534 
650 0 |a Historietas  |9 369533 
650 0 |a Homosexualidad  |9 255614 
583 |a last modification  |c 20170422 00:05:00  |k Rodrigo Vera 
999 |c 367769  |d 367767 
952 |0 0  |1 0  |3 erb  |4 0  |6 741_598300000000000_EBE_2015  |7 0  |8 P  |9 482846  |a BIBARQ  |b BIBARQ  |i 5372941  |o 741.5983 EBE 2015  |p 5372941  |r 2025-01-20  |w 2019-11-24  |y BK  |z Catalogado en:20170422  |k ARQ 
952 |0 0  |1 0  |3 erb  |4 0  |6 741_598300000000000_EBE_2015  |7 0  |8 P  |9 482847  |a BIBARQ  |b BIBARQ  |i 537295K  |o 741.5983 EBE 2015  |p 537295K  |r 2025-01-20  |w 2019-11-24  |y BK  |z Catalogado en:20170422  |k ARQ